| 000 | 01346 a2200193 4500 | ||
|---|---|---|---|
| 001 | 59515 | ||
| 005 | 20260407155849.0 | ||
| 008 | 260407a1965 arg spa d | ||
| 003 | AR-UNSa-BCEJYS | ||
| 040 |
_aAR-UNSa-BCEJYS _bspa _cAR-UNSa-BCEJYS |
||
| 080 |
_a339.9 _xEconomía internacional en general. Relaciones económicas internacionales. Economía mundial |
||
| 245 | 1 | 0 | _aEconomía de los paises en desarrollo |
| 264 | 1 |
_aMadrid : _bEdiciones Rialp _c1965 |
|
| 300 |
_a178 p. _c24 cm. |
||
| 505 | _a1. Introducción: El enfoque posbélico hacia los países subdesarrollados - 2. La expansión de las exportaciones y el crecimiento de la población - 3. Las exportaciones campesinas y el crecimiento de la economía monetaria - 4. Las minas y las plantaciones y el crecimiento de la economía de salarios - 5. Dualismo financiero y dependencia e independencia monetarias - 6. La presión de la población y las necesidades globales de capital - 7. El esfuerzo crítico mínimo para el desarrollo económico y el tamaño del programa de crecimiento equilibrado - 8. El sendero del crecimiento equilibrado y la tasa del desarrollo - 9. Comercio internacional y desarrollo económico - 10. Conclusiones: Problemas generales de la política de desarrollo - | ||
| 942 | _cBK | ||
| 590 | _aniveau_biblio:m niveau_hierar:0 | ||
| 100 | 1 | _aMyint, H. | |
| 999 |
_c6721 _d6721 |
||